Revista de polt̕icas pb︢licas

Detalles Bibliográficos
Autor Corporativo: Universidade Federal do Maranhó
Formato: Desconocido
Publicado: Só Lus̕, Brasil : Universidade Federal do Maranhó
Materias:
Acceso en línea:Acceso restringido

MARC

LEADER 00000ny a22000003n 4500
005 20110513123555.0
008 100820s1995 d
022 |a 0104-8740 
035 |a 5036 
040 |a ES-BlULI  |d vLex 
041 |a spapor 
090 |c 1870  |d 1870 
245 1 0 |a Revista de polt̕icas pb︢licas  |h [Recurso electrn̤ico]  |c Universidade Federal do Maranhó 
256 |a Servicio en ln̕ea 
260 |a Só Lus̕, Brasil :  |b Universidade Federal do Maranhó 
310 |a Semestral 
506 1 |a Contenido solo disponible en los productos indicados  |d vLex Global  |d vLex Global (Academic Edition, excluding Law Schools)  |d vLex Global (U.S. Academic Edition, Law Schools)  |d vLex Global (U.S. Academic Edition, excluding Law Schools)  |d vLex Global (Academic Edition, Law Schools) 
650 0 4 |a Planificacin̤ polt̕ica  |x Publicaciones perid̤icas 
710 2 |a Universidade Federal do Maranhó 
740 |a vLex Revista (Servicios en ln̕ea) 
843 |a Electrn̤ica. Abierta 
853 |8 1  |i (year)  |j (month)  |k (day) 
856 4 0 |u http://vlex.com/source/5036  |z Acceso restringido 
942 |c REV 
999 0 0 |a Political planning 
999 0 0 |a Political planning  |v Periodicals 
999 0 0 |a Cin̈cies polt̕iques 
999 0 0 |a Polt̕ica pb︢lica 
999 0 0 |a Polt̕ica pb︢lica